000 00390nam a2200157 i 4500
001 bg
245 0 0 _aBolsaja Sovetskaja Enciklopedija.
_nT. 18,
_pNikko-Otolity /
_cred. P.M. Prochorov.
250 _aIzd.3.
260 _aMoskva,
_c1974.
650 9 _aEncyklopedia rosyjska
040 _cBPK
041 _apol
080 _a03
942 _cKS
008 s pl f |000 0 pol
999 _c27201
_d27201
856 _uhttp://koha.tu.koszalin.pl/cgi-bin/koha/opac-detail.pl?biblionumber=27201
_yKatalog online BPK